| 000 | 00429nam a22001337a 4500 | ||
|---|---|---|---|
| 040 | _cRUA | ||
| 082 | _aAGI MEA 2015 B512 Or.1 | ||
| 100 | _aMEAN AUN; មាន អូន | ||
| 245 | _aProcessing of persimmon confectionery production. ការកែច្នៃផលិតផលដំណាប់ទម្លាប់ | ||
| 260 |
_aRUA _bMEA _c2015 |
||
| 300 |
_aviii,31p. _bill. _c29cm. |
||
| 856 | _u MEAN AUN | ||
| 942 | _cAGI | ||
| 999 |
_c8991 _d8991 |
||